000 00622nam a2200181Ia 4500
003 GCL
008 140319s9999 xx 000 0 ara d
040 _aGCL /
_cGCL
082 0 4 _a862.042
_bب و
100 1 _aصلاح فضل (ترجمة)
245 1 0 _aوصول الالهة (هدية من الاديب عبدالفتاح الجمل) /
_cصلاح فضل (ترجمة)
700 1 _aبايخو، بويرو
300 _a233 ص
490 _aمسرحيات مختارة
_v0
650 0 4 _aالادب الاسبانى المترجم
650 0 4 _aالمسرحيات الاسبانية المترجمة
942 _2ddc
_cBK
999 _c47328
_d47328